The Lock and Key Library : (Record no. 231377)
[ view plain ]
| 000 -LEADER | |
|---|---|
| fixed length control field | 01516cam a22003373a 4500 |
| 001 - CONTROL NUMBER | |
| control field | 2038 |
| 003 - CONTROL NUMBER IDENTIFIER | |
| control field | PGUSA |
| 005 - DATE AND TIME OF LATEST TRANSACTION | |
| control field | 20140828083009.0 |
| 008 - FIXED-LENGTH DATA ELEMENTS--GENERAL INFORMATION | |
| fixed length control field | 050604s2005||||xxu|||||s|||||000 1 eng d |
| 040 ## - CATALOGING SOURCE | |
| Original cataloging agency | PGUSA |
| Language of cataloging | eng |
| 042 ## - AUTHENTICATION CODE | |
| Authentication code | dc |
| 050 #4 - LIBRARY OF CONGRESS CALL NUMBER | |
| Classification number | PR |
| 245 14 - TITLE STATEMENT | |
| Title | The Lock and Key Library : |
| Remainder of title | Classic Mystery and Detective Stories: Modern English |
| Medium | [electronic resource] |
| 260 ## - PUBLICATION, DISTRIBUTION, ETC. (IMPRINT) | |
| Name of publisher, distributor, etc | Project Gutenberg, |
| Date of publication, distribution, etc | 2005 |
| 505 0# - FORMATTED CONTENTS NOTE | |
| Formatted contents note | Rudyard Kipling: -- My Own True Ghost Story -- The Sending of Dana Da -- In the House of Suddhoo -- His Wedded Wife -- A. Conan Doyle: A Case of Identity -- A Scandal in Bohemia -- The Red-Headed League -- Egerton Castle: The Baron's Quarry -- Stanley J. Weyman: The Fowl in the Pot -- Robert Louis Stevenson: The Pavilion on the Links -- Wilkie Collins: The Dream Woman -- Anonymous: The Lost Duchess -- The Minor Canon -- The Pipe -- The Puzzle -- The Great Valdez Sapphire |
| 506 ## - RESTRICTIONS ON ACCESS NOTE | |
| Terms governing access | Public domain in the USA. |
| 516 ## - TYPE OF COMPUTER FILE OR DATA NOTE | |
| Type of computer file or data note | Electronic text |
| 653 ## - INDEX TERM--UNCONTROLLED | |
| Uncontrolled term | Detective and mystery stories, English |
| 653 ## - INDEX TERM--UNCONTROLLED | |
| Uncontrolled term | Short stories |
| 653 ## - INDEX TERM--UNCONTROLLED | |
| Uncontrolled term | Fiction |
| 700 1# - ADDED ENTRY--PERSONAL NAME | |
| Personal name | Weyman, Stanley John, |
| Dates associated with a name | 1855-1928 |
| 700 1# - ADDED ENTRY--PERSONAL NAME | |
| Personal name | Castle, Egerton, |
| Dates associated with a name | 1858-1920 |
| 700 1# - ADDED ENTRY--PERSONAL NAME | |
| Personal name | Collins, Wilkie, |
| Dates associated with a name | 1824-1889 |
| 700 1# - ADDED ENTRY--PERSONAL NAME | |
| Personal name | Doyle, Arthur Conan, |
| Dates associated with a name | 1859-1930 |
| 700 1# - ADDED ENTRY--PERSONAL NAME | |
| Personal name | Stevenson, Robert Louis, |
| Dates associated with a name | 1850-1894 |
| 700 1# - ADDED ENTRY--PERSONAL NAME | |
| Personal name | Kipling, Rudyard, |
| Dates associated with a name | 1865-1936 |
| 700 1# - ADDED ENTRY--PERSONAL NAME | |
| Personal name | Hawthorne, Julian, |
| Dates associated with a name | 1846-1934 |
| 830 #0 - SERIES ADDED ENTRY--UNIFORM TITLE | |
| Uniform title | Project Gutenberg |
| Volume number/sequential designation | 2038 |
| 856 40 - ELECTRONIC LOCATION AND ACCESS | |
| Uniform Resource Identifier | <a href="http://www.gutenberg.org/ebooks/2038">http://www.gutenberg.org/ebooks/2038</a> |
| 942 ## - ADDED ENTRY ELEMENTS (KOHA) | |
| Koha item type | eBooks |
| Withdrawn status | Lost status | Damaged status | Home library | Current library | Date acquired | Total Checkouts | Date last seen | Price effective from | Koha item type |
|---|---|---|---|---|---|---|---|---|---|
| Project Gutenberg | Project Gutenberg | 08/28/2014 | 08/28/2014 | 08/28/2014 | eBooks |